Digital Sidescan Sonar Imagery Of The Manches Interiores Manches Exteriores Coral Reef Complex, Etc., U.S. Geological Survey Open-File Report 98-427, 1999, (CD-ROM).

Bibliographic Details
Corporate Author: Geological Survey (U.S.)
Format: Government Document Book
Language:English
Published: [Place of publication not identified] : [publisher not identified], [1999?]

MARC

Tag First Indicator Second Indicator Subfields
LEADER 00000cam a22000007a 4500
001 in00000006780
005 20150930090046.0
008 991014s1999 xxu f000 0 eng
035 |a (OCoLC) 
035 |a tmp97230267 
035 |9 AJL1676AM 
040 |a MvI  |c MvI  |d UtOrBLW 
049 |a ROMS 
074 |a 0624-H 
086 0 |a I 19.76:98-427 
245 0 0 |a Digital Sidescan Sonar Imagery Of The Manches Interiores Manches Exteriores Coral Reef Complex, Etc., U.S. Geological Survey Open-File Report 98-427, 1999, (CD-ROM). 
264 1 |a [Place of publication not identified] :  |b [publisher not identified],  |c [1999?] 
336 |a text  |b txt  |2 rdacontent 
337 |a unmediated  |b n  |2 rdamedia 
338 |a volume  |b nc  |2 rdacarrier 
500 |a Shipping List #: 2000-0001-E 
500 |a Shipping List Date: 10/01/99 
710 2 |a Geological Survey (U.S.) 
999 |a MARS 
999 f f |s 70723a24-4547-36a8-924a-0f5f5f43b8cc  |i 8a633fa6-3bd8-321d-825b-9de66a56fb75  |t 0 
952 f f |p normal  |a Texas A&M University  |b College Station  |c Sterling C. Evans Library  |d Evans: US Documents CD-ROMs (Annex 5th floor)  |t 0  |e I 19.76:98-427  |h Superintendent of Documents classification  |i unmediated -- volume  |m A14826344021 
998 f f |a I 19.76:98-427  |t 0  |l Evans: US Documents CD-ROMs (Annex 5th floor)